The management of forests

Bibliographic Details
Main Author: OSMASTON
Format: Book
Published: London : Allen and Unwin , 1968
Subjects:

MARC

LEADER 00000cam a2200000 7i4500
001 0000000873
005 20001018.0
020 0 0 |a 046340025 
090 0 0 |a 634.92   |b OSM 1968 
100 1 0 |a OSMASTON   |h F. C. 
245 1 4 |a The management of forests   |c F. C. Osmaston 
260 0 0 |a London :   |b Allen and Unwin ,   |c 1968 
300 |a 384 p. ;   |c 23 cm. 
500 0 0 |a Includes bibliographical references and index 
650 0 0 |a Forest management 
999 |a 0000001933   |b Monograph   |c Open Shelf   |e Default branch